000 00593nam a22001937a 4500
003 OSt
005 20140310182441.0
008 130403t xxu||||| |||| 00| 0 eng d
020 _a9789812727947
050 _aRC 78.5
_b.B722 2010
100 _aBontrager, Kenneth L.
_97485
245 _aTextbook of radiographic positioning and related anatomy /
_cKenneth L. Bontrager, John Lampignano.
260 _aSt. Louis, Mo.:
_bMosby Elsevier,
_c2010.
300 _axvii. 837 p. :
_c28 cm.
_bill. ;
650 _aRadiographic.
_97589
942 _2lcc
_cSSLC
999 _c13521
_d13521